Alle Bundesligatrainer seit 2010 - Statistiken

Allgemein
  • Dieses Quiz wurde 465 mal gespielt
    27 seit der letzten Aktualisierung
  • Das Durchschnittsergebnis liegt bei 118 aus 215
Antwortstatistiken
Club Zeit Trainer % Korrekt
Bayer 04 Leverkusen 01.07.2009 - 30.06.2011 Jupp Heynckes
96%
FC Bayern München 01.07.2011 - 30.06.2013 Jupp Heynckes
96%
FC Bayern München 06.10.2017 - 30.06.2018 Jupp Heynckes
96%
1. FC Heidenheim 18.09.2007 - heute Frank Schmidt
92%
Borussia Dortmund 01.07.2008 - 30.06.2015 Jürgen Klopp
92%
FC Augsburg 14.12.2016 - 08.04.2019 Manuel Baum
92%
1. FSV Mainz 05 17.02.2015 - 22.05.2017 Martin Schmidt
92%
FC Augsburg 09.04.2019 - 08.03.2020 Martin Schmidt
92%
VfL Wolfsburg 18.09.2017 - 19.02.2018 Martin Schmidt
92%
Borussia Dortmund 02.02.2025 - heute Nico Kovač
92%
Eintracht Frankfurt 08.03.2016 - 30.06.2018 Niko Kovač
92%
FC Bayern München 01.07.2018 - 02.11.2019 Niko Kovač
92%
VfL Wolfsburg 01.07.2022 - 17.03.2024 Niko Kovač
92%
FC Bayern München 01.07.2013 - 30.06.2016 Pep Guardiola
92%
Bayer 04 Leverkusen 01.07.2014 - 04.03.2017 Roger Schmidt
92%
FC Bayern München 01.07.2016 - 28.09.2017 Carlo Ancelotti
88%
SC Freiburg 30.12.2011 - 30.06.2024 Christian Streich
88%
FC Bayern München 03.11.2019 - 30.06.2021 Hansi Flick
88%
FC Bayern München 01.07.2024 - heute Vincent Kompany
88%
Eintracht Frankfurt 01.07.2023 - 18.01.2026 Dino Toppmöller
84%
FC Bayern München 01.07.2021 - 23.03.2023 Julian Nagelsmann
84%
RB Leipzig 01.07.2019 - 30.06.2021 Julian Nagelsmann
84%
TSG 1899 Hoffenheim 11.02.2016 - 30.06.2019 Julian Nagelsmann
84%
1. FC Köln 01.07.2021 - 31.12.2023 Steffen Baumgart
84%
SC Paderborn 07 16.04.2017 - 30.06.2021 Steffen Baumgart
84%
1. FC Union Berlin 01.01.2025 - heute Steffen Baumgart
84%
1. FSV Mainz 05 03.08.2009 - 30.06.2014 Thomas Tuchel
84%
Borussia Dortmund 01.07.2015 - 30.05.2017 Thomas Tuchel
84%
FC Bayern München 24.03.2023 - 30.06.2024 Thomas Tuchel
84%
Borussia Dortmund 13.12.2020 - 30.06.2021 Edin Terzić
80%
Borussia Dortmund 24.05.2022 - 13.06.2024 Edin Terzić
80%
FC Schalke 04 01.07.2009 - 16.03.2011 Felix Magath
80%
Hertha BSC 13.03.2022 - 30.06.2022 Felix Magath
80%
VfL Wolfsburg 18.03.2011 - 25.10.2012 Felix Magath
80%
Borussia Dortmund 14.06.2024 - 21.01.2025 Nuri Şahin
80%
Hertha BSC 05.02.2015 - 30.06.2019 Pál Dárdai
80%
Hertha BSC 25.01.2021 - 28.11.2021 Pál Dárdai
80%
1. FSV Mainz 05 04.01.2021 - 02.11.2023 Bo Svensson
76%
1. FC Union Berlin 01.07.2024 - 26.12.2024 Bo Svensson
76%
FC Augsburg 01.07.2016 - 13.12.2016 Dirk Schuster
76%
SV Darmstadt 98 28.12.2012 - 30.06.2016 Dirk Schuster
76%
SC Freiburg 01.07.2024 - heute Julian Schuster
76%
Borussia Dortmund 01.07.2018 - 12.12.2020 Lucien Favre
76%
Borussia Mönchengladbach 14.02.2011 - 20.09.2015 Lucien Favre
76%
Borussia Dortmund 01.07.2021 - 19.05.2022 Marco Rose
76%
Borussia Mönchengladbach 01.07.2019 - 30.06.2021 Marco Rose
76%
RB Leipzig 08.09.2022 - 30.03.2025 Marco Rose
76%
FC Schalke 04 21.03.2011 - 21.09.2011 Ralf Rangnick
76%
RB Leipzig 09.07.2018 - 30.06.2019 Ralf Rangnick
76%
TSG 1899 Hoffenheim 01.07.2006 - 31.12.2010 Ralf Rangnick
76%
TSG 1899 Hoffenheim 27.07.2020 - 17.05.2022 Sebastian Hoeneß
76%
VfB Stuttgart 03.04.2023 - heute Sebastian Hoeneß
76%
1. FC Union Berlin 01.07.2018 - 15.11.2023 Urs Fischer
76%
Bayer 04 Leverkusen 05.10.2022 - 31.05.2025 Xabi Alonso
76%
FC Schalke 04 01.07.2019 - 27.09.2020 David Wagner
72%
1. FC Nürnberg 22.12.2009 - 21.12.2012 Dieter Hecking
72%
Borussia Mönchengladbach 22.12.2016 - 30.06.2019 Dieter Hecking
72%
VfL Bochum 04.11.2024 - 30.06.2025 Dieter Hecking
72%
VfL Wolfsburg 22.12.2012 - 17.10.2016 Dieter Hecking
72%
RB Leipzig 01.07.2025 - heute Ole Werner
72%
Werder Bremen 28.11.2021 - 27.05.2025 Ole Werner
72%
FC Augsburg 01.07.2025 - 01.12.2025 Sandro Wagner
72%
FC Bayern München 01.07.2009 - 09.04.2011 Louis van Gaal
68%
Eintracht Frankfurt 01.07.2014 - 26.05.2015 Thomas Schaaf
68%
Werder Bremen 10.05.1999 - 14.05.2013 Thomas Schaaf
68%
TSG 1899 Hoffenheim 15.11.2024 - heute Christian Ilzer
64%
FC Schalke 04 01.07.2017 - 14.03.2019 Domenico Tedesco
64%
RB Leipzig 09.12.2021 - 06.09.2022 Domenico Tedesco
64%
VfL Wolfsburg 26.10.2021 - 30.06.2022 Florian Kohfeldt
64%
Werder Bremen 30.10.2017 - 15.05.2021 Florian Kohfeldt
64%
Hamburger SV 24.11.2024 - heute Merlin Polzin
64%
Hamburger SV 17.02.2014 - 15.09.2014 Mirko Slomka
64%
Hannover 96 19.01.2010 - 27.12.2013 Mirko Slomka
64%
Bayer 04 Leverkusen 23.12.2018 - 22.03.2021 Peter Bosz
64%
Borussia Dortmund 01.07.2017 - 09.12.2017 Peter Bosz
64%
FC Ingolstadt 04 07.10.2013 - 30.06.2016 Ralph Hasenhüttl
64%
RB Leipzig 01.07.2016 - 30.06.2018 Ralph Hasenhüttl
64%
VfL Wolfsburg 17.03.2024 - 04.05.2025 Ralph Hasenhüttl
64%
Hamburger SV 15.04.2015 - 24.09.2016 Bruno Labbadia
60%
Hertha BSC 09.04.2020 - 24.01.2021 Bruno Labbadia
60%
VfB Stuttgart 12.12.2010 - 25.08.2013 Bruno Labbadia
60%
VfB Stuttgart 05.12.2022 - 03.04.2023 Bruno Labbadia
60%
VfL Wolfsburg 20.02.2018 - 30.06.2019 Bruno Labbadia
60%
Fortuna Düsseldorf 14.03.2016 - 28.01.2020 Friedhelm Funkel
60%
Werder Bremen 01.07.2025 - 01.02.2026 Horst Steffen
60%
FC Schalke 04 14.03.2019 - 30.06.2019 Huub Stevens
60%
TSG 1899 Hoffenheim 26.10.2015 - 10.02.2016 Huub Stevens
60%
VfB Stuttgart 09.03.2014 - 30.06.2014 Huub Stevens
60%
VfB Stuttgart 25.11.2014 - 30.06.2015 Huub Stevens
60%
1. FC Köln 01.07.2025 - heute Lukas Kwasniok
60%
1. FC Köln 01.07.2013 - 02.12.2017 Peter Stöger
60%
Borussia Dortmund 10.12.2017 - 30.06.2018 Peter Stöger
60%
Eintracht Braunschweig 13.05.2008 - 30.06.2018 Torsten Lieberknecht
60%
SV Darmstadt 98 01.07.2023 - 30.06.2024 Torsten Lieberknecht
60%
Bayer 04 Leverkusen 01.07.2021 - 04.10.2022 Gerardo Seoane
56%
Borussia Mönchengladbach 06.06.2023 - 15.09.2025 Gerardo Seoane
56%
Hertha BSC 27.11.2019 - 10.02.2020 Jürgen Klinsmann
56%
1. FSV Mainz 05 01.07.2014 - 16.02.2015 Kasper Hjulmand
56%
Bayer 04 Leverkusen 08.09.2025 - heute Kasper Hjulmand
56%
Fortuna Düsseldorf 01.01.2008 - 26.05.2013 Norbert Meier
56%
SV Darmstadt 98 01.07.2016 - 04.12.2016 Norbert Meier
56%
Eintracht Frankfurt 01.07.2021 - 30.06.2023 Oliver Glasner
56%
VfL Wolfsburg 01.07.2019 - 30.06.2021 Oliver Glasner
56%
Bayer 04 Leverkusen 06.03.2017 - 30.06.2017 Tayfun Korkut
56%
Hannover 96 31.12.2013 - 20.04.2015 Tayfun Korkut
56%
Hertha BSC 29.11.2021 - 13.03.2022 Tayfun Korkut
56%
VfB Stuttgart 29.01.2018 - 06.10.2018 Tayfun Korkut
56%
Eintracht Frankfurt 01.07.2011 - 30.06.2014 Armin Veh
52%
Eintracht Frankfurt 14.06.2015 - 06.03.2016 Armin Veh
52%
Hamburger SV 01.07.2010 - 12.03.2011 Armin Veh
52%
VfB Stuttgart 01.07.2014 - 23.11.2014 Armin Veh
52%
1. FSV Mainz 05 12.02.2024 - 03.12.2025 Bo Henriksen
52%
FC Augsburg 01.07.2012 - 30.06.2016 Markus Weinzierl
52%
FC Augsburg 26.04.2021 - 30.06.2022 Markus Weinzierl
52%
FC Schalke 04 01.07.2016 - 30.06.2017 Markus Weinzierl
52%
VfB Stuttgart 09.10.2018 - 20.04.2019 Markus Weinzierl
52%
TSG 1899 Hoffenheim 08.02.2023 - 10.11.2024 Pellegrino Matarazzo
52%
VfB Stuttgart 30.12.2019 - 10.10.2022 Pellegrino Matarazzo
52%
Bayer 04 Leverkusen 01.07.2011 - 31.03.2012 Robin Dutt
52%
SC Freiburg 01.07.2007 - 30.06.2011 Robin Dutt
52%
Werder Bremen 01.07.2013 - 25.10.2014 Robin Dutt
52%
FC Schalke 04 27.10.2022 - 30.06.2023 Thomas Reis
52%
VfL Bochum 06.09.2019 - 12.09.2022 Thomas Reis
52%
Hamburger SV 17.10.2011 - 16.09.2013 Thorsten Fink
52%
Borussia Mönchengladbach 01.07.2021 - 30.06.2022 Adi Hütter
48%
Eintracht Frankfurt 01.07.2018 - 30.06.2021 Adi Hütter
48%
FC St. Pauli 01.07.2024 - heute Alexander Blessin
48%
Werder Bremen 18.09.2016 - 29.10.2017 Alexander Nouri
48%
FC Schalke 04 01.07.2015 - 30.05.2016 André Breitenreiter
48%
Hannover 96 20.03.2017 - 26.01.2019 André Breitenreiter
48%
SC Paderborn 07 01.07.2013 - 30.06.2015 Andre Breitenreiter
48%
TSG 1899 Hoffenheim 01.07.2022 - 05.02.2023 André Breitenreiter
48%
Borussia Mönchengladbach 21.09.2015 - 21.12.2016 André Schubert
48%
FC Schalke 04 27.12.2020 - 27.02.2021 Christian Gross
48%
VfB Stuttgart 07.12.2009 - 13.10.2010 Christian Gross
48%
Eintracht Frankfurt 22.03.2011 - 30.06.2011 Christoph Daum
48%
Arminia Bielefeld 02.03.2021 - 20.04.2022 Frank Kramer
48%
FC Schalke 04 01.07.2022 - 19.10.2022 Frank Kramer
48%
SpVgg Greuther Fürth 11.03.2013 - 22.02.2015 Frank Kramer
48%
RB Leipzig 01.07.2021 - 05.12.2021 Jesse Marsch
48%
FC Augsburg 14.04.2009 - 30.06.2012 Jos Luhukay
48%
Hertha BSC 01.07.2012 - 05.02.2015 Jos Luhukay
48%
VfL Wolfsburg 01.07.2021 - 23.10.2021 Mark van Bommel
48%
Bayer 04 Leverkusen 23.03.2021 - 30.06.2021 Hannes Wolf
44%
VfB Stuttgart 21.09.2016 - 28.01.2018 Hannes Wolf
44%
Werder Bremen 26.10.2014 - 17.09.2016 Viktor Skrypnyk
44%
VfL Wolfsburg 27.02.2017 - 17.09.2017 Andries Jonker
40%
Hamburger SV 12.03.2018 - 22.10.2018 Christian Titz
40%
Borussia Mönchengladbach 04.06.2022 - 02.06.2023 Daniel Farke
40%
FC Schalke 04 02.03.2021 - 05.03.2022 Dimitrios Grammozis
40%
FC St. Pauli 21.11.2006 - 30.06.2011 Holger Stanislawski
40%
TSG 1899 Hoffenheim 01.07.2011 - 09.02.2012 Holger Stanislawski
40%
Holstein Kiel 04.10.2021 - 30.06.2025 Marcel Rapp
40%
1. FC Köln 18.11.2019 - 11.04.2021 Markus Gisdol
40%
Hamburger SV 25.09.2016 - 20.01.2018 Markus Gisdol
40%
TSG 1899 Hoffenheim 02.04.2013 - 25.10.2015 Markus Gisdol
40%
1. FSV Mainz 05 01.07.2017 - 09.11.2019 Sandro Schwarz
40%
Hertha BSC 01.07.2022 - 15.04.2023 Sandro Schwarz
40%
SV Darmstadt 98 27.12.2016 - 09.12.2017 Torsten Frings
40%
TSG 1899 Hoffenheim 01.07.2019 - 09.06.2020 Alfred Schreuder
36%
Hertha BSC 01.07.2019 - 26.11.2019 Ante Čović
36%
Bayer 04 Leverkusen 01.07.2017 - 22.12.2018 Heiko Herrlich
36%
FC Augsburg 10.03.2020 - 25.04.2021 Heiko Herrlich
36%
SpVgg Greuther Fürth 23.02.2015 - 30.05.2015 Mike Büskens
36%
VfL Wolfsburg 01.07.2025 - 09.11.2025 Paul Simonis
36%
FC Schalke 04 07.10.2014 - 30.06.2015 Roberto Di Matteo
36%
Bayer 04 Leverkusen 01.04.2012 - 30.06.2014 Sascha Lewandowski
36%
VfL Wolfsburg 18.10.2016 - 25.02.2017 Valérien Ismaël
36%
Eintracht Frankfurt 02.02.2026 - heute Albert Riera
32%
VfB Stuttgart 01.07.2015 - 23.11.2015 Alexander Zorniger
32%
Werder Bremen 04.02.2026 - heute Daniel Thioune
32%
VfL Wolfsburg 08.03.2026 - heute Dieter Hecking
32%
FC Augsburg 01.07.2022 - 09.10.2023 Enrico Maaßen
32%
1. FC Köln 25.10.2010 - 26.04.2011 Frank Schaefer
32%
FC Schalke 04 16.12.2012 - 06.10.2014 Jens Keller
32%
FC Augsburg 15.10.2023 - 23.05.2025 Jess Thorup
32%
Hertha BSC 01.07.2010 - 18.12.2011 Markus Babbel
32%
TSG 1899 Hoffenheim 10.02.2012 - 03.12.2012 Markus Babbel
32%
1. FC Union Berlin 26.11.2023 - 06.05.2024 Nenad Bjelica
32%
Hertha BSC 19.02.2012 - 30.06.2012 Otto Rehhagel
32%
SpVgg Greuther Fürth 05.02.2019 - 30.06.2022 Stefan Leitl
32%
VfL Bochum 22.09.2022 - 08.04.2024 Thomas Letsch
32%
1. FC Köln 01.07.2019 - 08.11.2019 Achim Beierlorzer
28%
1. FSV Mainz 05 18.11.2019 - 28.09.2020 Achim Beierlorzer
28%
VfL Wolfsburg 09.11.2025 - 08.03.2026 Daniel Bauer
28%
Borussia Mönchengladbach 15.09.2025 - heute Eugen Polanski
28%
Hamburger SV 13.03.2011 - 18.09.2011 Michael Oenning
28%
Eintracht Frankfurt 01.07.2009 - 21.03.2011 Michael Skibbe
28%
1. FC Köln 01.07.2011 - 12.04.2012 Ståle Solbakken
28%
Arminia Bielefeld 10.12.2018 - 01.03.2021 Uwe Neuhaus
28%
Hamburger SV 25.09.2013 - 15.02.2014 Bert van Marwijk
24%
Hamburger SV 16.09.2014 - 21.03.2015 Joe Zinnbauer
24%
FC Augsburg 01.12.2025 - heute Manuel Baum
24%
1. FC Kaiserslautern 01.07.2009 - 19.03.2012 Marco Kurz
24%
TSG 1899 Hoffenheim 18.12.2012 - 01.04.2013 Marco Kurz
24%
SC Freiburg 01.07.2011 - 29.12.2011 Marcus Sorg
24%
Borussia Mönchengladbach 01.07.2009 - 13.02.2011 Michael Frontzeck
24%
Hannover 96 21.04.2015 - 21.12.2015 Michael Frontzeck
24%
Hannover 96 27.01.2019 - 30.06.2019 Thomas Doll
24%
1. FSV Mainz 05 07.12.2025 - heute Urs Fischer
24%
1. FC Nürnberg 22.10.2013 - 22.04.2014 Gertjan Verbeek
20%
1. FSV Mainz 05 02.11.2023 - 12.02.2024 Jan Siewert
20%
FC Ingolstadt 04 01.07.2016 - 05.11.2016 Markus Kauczinski
20%
1. FC Nürnberg 24.12.2012 - 07.10.2013 Michael Wiesinger
20%
1. FC Köln 03.12.2017 - 30.06.2018 Stefan Ruthenbeck
20%
VfL Wolfsburg 01.07.2010 - 07.02.2011 Steve McClaren
20%
VfB Stuttgart 26.08.2013 - 09.03.2014 Thomas Schneider
20%
1. FC Köln 04.01.2024 - 30.06.2024 Timo Schultz
20%
Fortuna Düsseldorf 29.01.2020 - 24.05.2021 Uwe Rösler
20%
1. FC Kaiserslautern 22.03.2012 - 30.06.2012 Krasimir Balakov
16%
VfL Bochum 01.07.2024 - 20.10.2024 Peter Zeidler
16%
1. FC Köln 01.07.2009 - 24.10.2010 Zvonimir Soldo
16%
1. FC Nürnberg 12.02.2019 - 30.06.2019 Boris Schommers
12%
TSG 1899 Hoffenheim 02.01.2011 - 30.06.2011 Marco Pezzaiuoli
12%
1. FC Nürnberg 08.03.2017 - 12.02.2019 Michael Köllner
12%
Keine übereinstimmenden Quizze gefunden
Verteilung der Resultate
Anzahl Personen mit jedem Resultat
Perzentil nach korrekt beantworteten Fragen
Ihre Resultats-Entwicklung
Sie haben dieses Quiz seit der letzten Aktualisierung nicht gespielt